| 000 | 00635ntaaa2200193 4500 | ||
|---|---|---|---|
| 003 | 01 | ||
| 005 | 20251027202824.0 | ||
| 008 | 0714s1973 ag 01 | ||
| 040 |
_aAR-BaBN _bspa _cAR-BaBN _eaacr _dRIC |
||
| 082 | _a920.0000 So6 | ||
| 245 | _aVidas de hombres célebres | ||
| 250 | _a1 ed. | ||
| 260 |
_aBarcelona : _bRamón Sopena, _cs.f. |
||
| 300 | _a78 p | ||
| 500 | _aHistoria de las vidas de Magno, Colón, Mozart, Alighieri, Franklin, Cervantes, Pizarro, El Cid Campeador, Vasco de Gama, Cortés Quedo, etc., en relatos preparados para niños. | ||
| 650 |
_abiografías _911246 |
||
| 700 |
_aSopena, Ramón _928747 |
||
| 942 | _cBK | ||
| 999 |
_c23610 _d23610 |
||